000 00672nam a22001577a 4500
003 OSt
005 20170803140214.0
008 170803b xxu||||| |||| 00| 0 eng d
040 _cRUA
082 _aAGR KON 2014 B556 Or.1
100 _911756
_aKONG TOLA; គង់ តុលា
245 _aKeo roumeat mango production in kampong svay commune, kien svay district, kandal province; ផលិតកម្មដំណាំស្វាយកែវរមៀតនៅឃុំកំពង់ស្វាយ ស្រុកកៀនស្វាយ ខេត្តកណ្តាល
260 _aPhnom Penh
_bRUA
_c2014
300 _axii;48p;
_bill;
_c29cm;
942 _2ddc
_cAGR
999 _c11549
_d11549